Kapitoly z marketingového výskumu
Salvato in:
| Autore principale: | |
|---|---|
| Altri autori: | , , , |
| Natura: | Libro |
| Lingua: | slovacco |
| Pubblicazione: |
Bratislava
Vydavateľstvo Ekonóm
1998
|
| Soggetti: | |
| Tags: |
Nessun Tag, puoi essere il primo ad aggiungerne!!
|
MARC
| LEADER | 00000nam a2200000 4500 | ||
|---|---|---|---|
| 001 | c103161 | ||
| 005 | 20221123132947.5 | ||
| 020 | |a 80-225-0966-3 | ||
| 041 | 0 | |a slo | |
| 044 | |a SK | ||
| 245 | 1 | 0 | |a Kapitoly z marketingového výskumu |c Kornélia Richterová a kolektív |
| 264 | 1 | |a Bratislava |b Vydavateľstvo Ekonóm |c 1998 | |
| 300 | |a 242 s. | ||
| 610 | 2 | 0 | |a marketing |
| 610 | 2 | 0 | |a výskum |
| 610 | 2 | 0 | |a kódexy |
| 610 | 2 | 0 | |a experimenty |
| 610 | 2 | 0 | |a zisťovanie výberové |
| 610 | 2 | 0 | |a analýzy |
| 610 | 2 | 0 | |a produkty |
| 610 | 2 | 0 | |a médiá |
| 610 | 2 | 0 | |a reklama |
| 100 | 1 | |a Richterová, Kornélia | |
| 700 | 1 | |a Labská, Helena | |
| 700 | 1 | |a Vokounová, Dana, 1962- | |
| 700 | 1 | |a Klepochová, Dagmar, 1968- | |
| 700 | 1 | |a Žák, Štefan, 1971- | |